'Fresh Prince of Bel-Air' Lyrics Quiz Stats

 Plays Quiz Updated Jun 29, 2021

     
Support Sporcle.
Go Orange.
Score 0/48 Timer 05:00
23 Plays Today
% Correct
Now this is a ___story
99.1%
all about ___,how
95.1%
became the ___prince
93.6%
born and ___raised
93.4%
___ upside down,turned
93%
I'll ___ you how Itell
92.6%
of a ___ called Bel-Airtown
92.2%
I __ most of my days.spent
90.7%
who were up to no ___good
89.8%
and ___ in Bel-Air.'uncle
88.7%
Started makin' ___trouble
88.3%
in my ___.neighborhood
88.1%
I got in one ___ fightlittle
87.1%
In West ___Philadelphia
86.9%
___ right there,sit
86.8%
and my mom got ___,scared
86.7%
On the ___ is whereplayground
86.4%
And said 'You're ___movin'
86.1%
When a ___ of guyscouple
85.2%
a ___, justminute
84%
with your ___auntie
84%
And I'd like to ___take
83%
as the Prince of ___.Bel-Air
78.8%
relaxin' all ___,cool
78.5%
% Correct
The license ___plate
77.4%
My life got ___flipped
77%
To sit on my ___throne
74.8%
had ___ in the mirror.dice
74%
said '___' and itFRESH
72.7%
___ of the school.outside
72.6%
Yo, homes, ___smell
72%
ya ___.'later
72%
some ___b-ball
72%
Chillin' out, ___,maxin'
71.1%
and when it came ___,near
70.5%
___ to Bel-Air.'home
68.8%
___ about 7house
68.2%
I ___ for a cab,whistled
67.1%
and all ___shootin'
66.7%
I was ___ there,finally
65.6%
or 8 and I ___yelled
64.4%
I ___ up to thepulled
61%
to the ___cabbie
60.6%
Looked at my ___kingdom
57.9%
that this cab was ___,rare
53.2%
If ___ I could sayanything
52.6%
But I __ 'Nah,thought
52.2%
___ it. Yo,forget
51.8%

From the Vault

A Fusion of Flag Elements

by matthijsbp

We're working on creating a new political pantheon.
Remove Ads.
Support Sporcle.
Get the best of Sporcle when you Go Orange. This ad-free experience offers more features, more stats, and more fun while also helping to support Sporcle. Thank you for becoming a member.

Show Comments

Extras

Top Quizzes Today


Score Distribution

Your Account Isn't Verified!

In order to create a playlist on Sporcle, you need to verify the email address you used during registration. Go to your Sporcle Settings to finish the process.

Report this User

Report this user for behavior that violates our Community Guidelines.

Details: